|
|
|
|
| LEADER |
01273nam a2200289 a 4500 |
| 001 |
2561359 |
| 008 |
091112s1995 enka b 001 0 eng d |
| 010 |
|
|
|a \\\95033961
|
| 020 |
|
|
|a 0195211065 (alk. paper)
|
| 040 |
|
|
|a DLC
|c DLC
|d DLC
|
| 082 |
0 |
0 |
|a 338.6/2/091724
|2 20
|
| 245 |
0 |
0 |
|a Bureaucrats in business :
|b the economics and politics of government ownership.
|
| 260 |
|
|
|a Oxford ;
|a New York :
|b Oxford University Press,
|c c1995.
|
| 300 |
|
|
|a xix, 346 p. :
|b ill. (some col.) ;
|c 24 cm.
|
| 490 |
0 |
|
|a A World Bank policy research report,
|x 1020-0851
|
| 500 |
|
|
|a "Published for the World Bank."
|
| 504 |
|
|
|a Includes bibliographical references (p. 325-340) and index.
|
| 541 |
1 |
|
|e 00016933
|
| 650 |
|
0 |
|a Government ownership
|z Developing countries.
|
| 650 |
|
0 |
|a Government business enterprises
|z Developing countries.
|
| 650 |
|
0 |
|a Industrial efficiency
|z Developing countries.
|
| 650 |
|
0 |
|a Socialism
|z Developing countries.
|
| 651 |
|
0 |
|a Developing countries
|x Economic conditions.
|
| 710 |
2 |
|
|a World Bank.
|
| 852 |
4 |
|
|a Ayesha Abed Library
|j General shelf
|
| 999 |
|
|
|c 5483
|d 5483
|
| 952 |
|
|
|0 0
|1 0
|2 ddc
|4 0
|6 338_620917240000000_BUR_1995
|7 0
|9 5355
|a BRACUL
|b BRACUL
|c GEN
|d 2009-11-15
|g 900.00
|l 1
|m 1
|o 338.62091724 BUR
|p 3010016933
|r 2014-02-09
|s 2013-12-26
|t 1
|v 1800.00
|w 2009-11-15
|y BK
|